[Event "English Online Blitz Open"]
[Site "chess.com INT"]
[Date "2020.05.16"]
[Round "2.35"]
[White "Willow, Jonah B"]
[Black "Harvey, Marcus R"]
[Result "1/2-1/2"]
[WhiteTitle "FM"]
[BlackTitle "FM"]
[WhiteElo "2386"]
[BlackElo "2440"]
[WhiteFideId "438804"]
[BlackFideId "400092"]
[EventDate "2020.05.16"]

1. e4 e6 2. d4 d5 3. Nd2 c5 4. Ngf3 Nc6 5. exd5 exd5 6. Bb5 Bd6 7. dxc5 Bxc5 8.
O-O Ne7 9. Nb3 Bd6 10. Re1 O-O 11. Bd3 h6 12. h3 Bc7 13. c3 Qd6 14. Be3 Qf6 15.
Nbd4 a6 16. Qc2 Bd7 17. Rad1 Rfe8 18. Nxc6 Nxc6 19. Nd4 Ne5 20. Bf5 Bxf5 21.
Nxf5 Qg6 22. Kh1 Rad8 23. Bd4 Nc4 24. Re7 Nd6 25. Rxc7 Nxf5 26. Qd3 Nxd4 27.
Qxg6 fxg6 28. Rxd4 Rf8 29. f3 Rf7 30. Rc5 Rfd7 31. Kg1 Kf7 32. Ra5 Ke6 33. Rg4
g5 34. Raa4 Rd6 35. Rad4 Rf8 36. Rd2 Rf5 37. Rgd4 Re5 38. Kf2 Rc6 39. Kg3 b5 40.
Kf2 Rc4 41. R4d3 b4 42. cxb4 Rxb4 43. Rc2 Rc4 44. Rcd2 a5 45. b3 Rc5 46. Rd4 h5
47. Ra4 Kf5 48. Rad4 Ke6 49. Kg3 g6 50. Kf2 Kf6 51. b4 axb4 52. Rxb4 Ra5 53. a4
Re6 54. Rbd4 Rea6 55. Rxd5 Rxd5 56. Rxd5 Rxa4 57. Kg3 Ra2 58. Rd6+ Kg7 59. Rd3
h4+ 60. Kh2 Kh6 61. Rd4 Ra5 62. Rd8 Rf5 63. Rh8+ Kg7 64. Rb8 Kh6 65. Rb7 Re5 66.
Kg1 Rf5 67. Rb2 Rf4 68. Kf2 Ra4 69. Rb5 Rf4 70. Rb3 Ra4 71. Rb1 Ra2+ 72. Kg1 Ra3
73. Rb2 Ra4 74. Kf2 Ra3 75. Ke2 Ra4 76. Ke3 Rf4 77. Kd3 Ra4 78. Re2 Ra3+ 79. Ke4
Ra4+ 80. Ke5 Ra5+ 81. Kf6 Ra6+ 82. Kf7 Ra7+ 83. Ke8 Ra8+ 84. Kd7 Ra7+ 85. Kc6
Ra6+ 86. Kb5 Rd6 87. Kc5 Rd1 88. Kc4 Rd8 89. Kc3 Kg7 90. Re6 Kf7 91. Re4 Rd7 92.
Kc2 Kf6 93. Ra4 Kf5 94. Rb4 Rd8 95. Rb5+ Kf4 96. Rb4+ Kf5 97. Rg4 Rd5 98. Kc3
Rd6 99. Kc4 Rd7 100. Kc5 Rd2 101. Kc4 Rd8 102. Kb3 Rd1 103. Kb2 Rd8 104. Kc1 Rd6
105. Kc2 Rd8 106. Rc4 Rd7 107. Kc1 Rd5 108. Rc7 Kf4 109. Rc4+ Kg3 1/2-1/2

[Event "English Online Blitz Open"]
[Site "chess.com INT"]
[Date "2020.05.16"]
[Round "2.41"]
[White "Ghasi, Ameet K"]
[Black "Gormally, Daniel W"]
[Result "1/2-1/2"]
[WhiteTitle "IM"]
[BlackTitle "GM"]
[WhiteElo "2485"]
[BlackElo "2479"]
[WhiteFideId "409200"]
[BlackFideId "406465"]
[EventDate "2020.05.16"]

1. c4 Nf6 2. Nc3 e5 3. e3 Nc6 4. Nf3 g6 5. Be2 Bg7 6. O-O O-O 7. d3 d6 8. a3 a6
9. Rb1 Rb8 10. Qc2 Bd7 11. b4 b5 12. cxb5 axb5 13. Bb2 Ne7 14. Rfc1 c6 15. d4 e4
16. Nxe4 Nxe4 17. Qxe4 Bf5 18. Qf4 Nd5 19. Qg3 Bxb1 20. Rxb1 Nb6 21. Rc1 Qd7 22.
Nd2 Na4 23. Ba1 c5 24. Ne4 cxd4 25. Bxd4 Bxd4 26. exd4 Qe6 27. Bf3 Rbc8 28. Rf1
Nc3 29. Nxd6 Rcd8 30. Nb7 Rxd4 31. Nc5 Qc4 32. Qe5 Rd2 33. h3 Qd4 34. Qe7 Qd6
35. Qe3 Qd4 36. Qe7 1/2-1/2

[Event "English Online Blitz Open"]
[Site "chess.com INT"]
[Date "2020.05.16"]
[Round "2.42"]
[White "Gormally, Daniel W"]
[Black "Ghasi, Ameet K"]
[Result "0-1"]
[WhiteTitle "GM"]
[BlackTitle "IM"]
[WhiteElo "2479"]
[BlackElo "2485"]
[WhiteFideId "406465"]
[BlackFideId "409200"]
[EventDate "2020.05.16"]

1. e3 g6 2. Nf3 Bg7 3. c4 Nf6 4. Nc3 O-O 5. d4 d6 6. Be2 Nbd7 7. O-O e5 8. b3
Re8 9. Bb2 e4 10. Nd2 Nf8 11. h3 h5 12. Rc1 N8h7 13. Kh2 Bf5 14. Re1 Ng5 15. f4
exf3 16. Nxf3 Bh6 17. Nh4 Bd7 18. Bd3 Nfe4 19. Nxe4 Nxe4 20. Nf3 Bf5 21. Qc2 h4
22. d5 Ng3 23. e4 Bd7 24. e5 Bf4 25. Kg1 Bf5 26. Rcd1 dxe5 27. Nxe5 Qg5 28. Bxf5
Nxf5 29. Nf3 Be3+ 30. Rxe3 Qxe3+ 31. Kh1 Ng3+ 32. Kh2 Qf4 33. Kg1 Re2 34. Qc3
Qe3+ 35. Qxe3 Rxe3 36. Be5 c6 37. d6 Rd8 38. Bf6 Rd7 39. Ne5 Rxe5 40. Bxe5 Nf5
41. Kf2 Kf8 42. c5 Rd8 43. Kf3 Rd7 44. Bf6 b6 45. b4 Ke8 46. Re1+ Kf8 47. Kf4
bxc5 48. bxc5 Rb7 49. Rd1 Ke8 50. Re1+ Kd7 51. Kg5 Rb4 52. Re2 Rc4 53. Rb2 Rxc5
54. Rb7+ Ke6 55. Rxa7 Nxd6+ 0-1

[Event "English Online Blitz Open"]
[Site "chess.com INT"]
[Date "2020.05.16"]
[Round "2.43"]
[White "Ghasi, Ameet K"]
[Black "Gormally, Daniel W"]
[Result "0-1"]
[WhiteTitle "IM"]
[BlackTitle "GM"]
[WhiteElo "2485"]
[BlackElo "2479"]
[WhiteFideId "409200"]
[BlackFideId "406465"]
[EventDate "2020.05.16"]

1. c4 Nf6 2. Nc3 g6 3. e3 Bg7 4. Nf3 O-O 5. Be2 d6 6. O-O c5 7. d4 Nc6 8. h3 Bf5
9. b3 Ne4 10. Bb2 Nxc3 11. Bxc3 Be4 12. Ng5 Bf5 13. Nf3 Be4 14. Rc1 cxd4 15.
Nxd4 Ne5 16. f3 Bc6 17. b4 a6 18. b5 Bd7 19. a4 Rc8 20. Qb3 Be8 21. Rfd1 Qc7 22.
Bb4 Nd7 23. Qa3 Nc5 24. a5 Bd7 25. b6 Qb8 26. Nb3 Ba4 27. Nxc5 Bxd1 28. Rxd1
dxc5 29. Bxc5 Qe5 30. Rd5 Qg3 31. e4 e6 32. Bf2 Qf4 33. g3 Qb8 34. Rd7 Rfd8 35.
Rd3 Rxd3 36. Qxd3 Rd8 37. Qe3 Bd4 38. Qg5 Qd6 39. Kg2 Bxf2 40. Kxf2 Qd4+ 41. Qe3
Qe5 42. c5 Rc8 43. Bxa6 Rxc5 44. f4 Rc2+ 45. Be2 Qxa5 46. e5 Rb2 47. Qd3 Qxb6+
48. Kf1 Rb1+ 49. Bd1 Kg7 50. Ke1 Qg1+ 51. Ke2 Rb2+ 52. Bc2 Qg2+ 53. Kd1 Qxh3 54.
Qc3 Rb6 55. Be4 Qf1+ 56. Kd2 Ra6 57. Bc2 Qf2+ 58. Kc1 Rc6 59. Qd3 b5 60. Kb1 Rc4
61. Bb3 Qe1+ 62. Ka2 Rc8 63. Qxb5 Ra8+ 64. Ba4 Qd2+ 65. Kb1 Qf2 66. Qb3 Rd8 67.
Qc3 Qa7 68. Bb3 Qd4 69. Qc7 Rd7 70. Qc8 h5 0-1

[Event "English Online Blitz Open"]
[Site "chess.com INT"]
[Date "2020.05.16"]
[Round "2.44"]
[White "Gormally, Daniel W"]
[Black "Ghasi, Ameet K"]
[Result "1/2-1/2"]
[WhiteTitle "GM"]
[BlackTitle "IM"]
[WhiteElo "2479"]
[BlackElo "2485"]
[WhiteFideId "406465"]
[BlackFideId "409200"]
[EventDate "2020.05.16"]

1. d4 Nf6 2. Nf3 g6 3. Nc3 d6 4. e4 Bg7 5. h3 O-O 6. Be3 Nc6 7. Bb5 Bd7 8. e5
Ne8 9. Bf4 a6 10. Be2 dxe5 11. dxe5 Bf5 12. g4 Be6 13. Qxd8 Rxd8 14. O-O f6 15.
exf6 Bxf6 16. Be3 Nd6 17. Rfd1 h5 18. gxh5 gxh5 19. Kh2 Nf5 20. Rg1+ Kh8 21. Bg5
Nfd4 22. Bxf6+ Rxf6 23. Nxd4 Nxd4 24. Bxh5 Rxf2+ 25. Rg2 Rxg2+ 26. Kxg2 Nxc2 27.
Rc1 Nd4 28. Kf2 Bf5 29. h4 Kg7 30. Ne2 Nxe2 31. Bxe2 c6 32. Ke3 Kf6 33. b4 Rd5
34. Bf3 Re5+ 35. Kf4 Rb5 36. a3 a5 37. Rc5 e5+ 38. Ke3 Rxc5 39. bxc5 Be6 40. Be2
Kf5 41. Bd3+ Kg4 42. Bg6 Bd5 43. h5 Kg5 44. Be8 Bg2 45. Bf7 Kf6 46. Bg6 Bh3 47.
Be8 Bg4 48. Ke4 Bf5+ 49. Ke3 Ke7 50. Bg6 Be6 51. h6 Kf6 52. Bd3 Bd5 53. Bc2 Be6
54. Be4 Bf7 55. Bc2 Bd5 56. Bd3 1/2-1/2

[Event "English Online Blitz Open"]
[Site "chess.com INT"]
[Date "2020.05.16"]
[Round "2.45"]
[White "Ghasi, Ameet K"]
[Black "Gormally, Daniel W"]
[Result "1-0"]
[WhiteTitle "IM"]
[BlackTitle "GM"]
[WhiteElo "2485"]
[BlackElo "2479"]
[WhiteFideId "409200"]
[BlackFideId "406465"]
[EventDate "2020.05.16"]

1. Nf3 d5 2. g3 c6 3. Bg2 Bg4 4. O-O Nd7 5. b3 e6 6. Bb2 Ngf6 7. c4 Bd6 8. d3
O-O 9. Na3 Qe7 10. Nc2 h6 11. Ne3 Bxf3 12. Bxf3 Ba3 13. Bc3 Bb4 14. Bb2 Ba3 15.
Qc1 Bxb2 16. Qxb2 Rfe8 17. Rac1 Qd6 18. b4 d4 19. c5 Qc7 20. Nc4 e5 21. a4 b6
22. cxb6 axb6 23. Qb3 e4 24. dxe4 Nxe4 25. Rfd1 c5 26. e3 dxe3 27. Nxe3 Ndf6 28.
a5 bxa5 29. bxc5 Rab8 30. Qa3 Rb4 31. c6 Ng5 32. Bg2 Ne6 33. Nf5 g6 34. Ne3 Nd4
35. Re1 h5 36. Rcd1 Re6 37. Qc3 Nb5 38. Qd3 Rd6 39. Qe2 Nc3 40. Qf3 Nxd1 41.
Nxd1 Kg7 42. Ne3 a4 43. Ra1 Qb6 44. Qf4 Rb1+ 45. Rxb1 Qxb1+ 46. Nf1 Qb8 47. Qxa4
Qc7 48. Qc4 Re6 49. Ne3 Re5 50. Qc3 Re6 51. h3 Qe5 52. Qc2 Re7 53. Bf3 h4 54. g4
Qf4 55. Kg2 Qc7 56. g5 Nh5 57. Bxh5 gxh5 58. Nd5 Qe5 59. Nxe7 Qxe7 60. Qc3+ Kg8
61. c7 Qxg5+ 62. Kf1 Qb5+ 63. Kg1 Qg5+ 64. Kh2 1-0

[Event "English Online Blitz Open"]
[Site "chess.com INT"]
[Date "2020.05.16"]
[Round "3.11"]
[White "Horton, Andrew P"]
[Black "Jones, Gawain C B"]
[Result "1/2-1/2"]
[WhiteTitle "IM"]
[BlackTitle "GM"]
[WhiteElo "2375"]
[BlackElo "2670"]
[WhiteFideId "424269"]
[BlackFideId "409561"]
[EventDate "2020.05.16"]

1. Nf3 c5 2. c4 g6 3. g3 Bg7 4. Bg2 Nc6 5. Nc3 d6 6. O-O e6 7. b3 Nge7 8. Bb2
O-O 9. e3 b6 10. d4 Bb7 11. Ne2 d5 12. cxd5 Nxd5 13. Qd2 cxd4 14. Nexd4 Nxd4 15.
Bxd4 Rc8 16. Rac1 Qe7 17. Rxc8 Rxc8 18. Rc1 Rxc1+ 19. Qxc1 Qc7 20. Qxc7 Nxc7 21.
Bxg7 Kxg7 22. Nd4 Bxg2 23. Kxg2 f5 24. Nc6 a6 25. Ne5 Nd5 26. Nc6 Kf6 27. Kf3 e5
28. a3 Ke6 29. e4 Nf6 30. exf5+ gxf5 31. Ke2 a5 32. f3 Kd6 33. Na7 Kc5 34. Kd3
b5 35. b4+ axb4 36. axb4+ Kxb4 37. Nc6+ Ka3 38. Nxe5 b4 39. Nc4+ Ka2 40. Kd4 b3
41. Ke5 Ne8 42. h4 Ng7 43. g4 fxg4 44. fxg4 Ne8 45. g5 Ng7 46. Kd5 Nh5 47. Ke4
Ng3+ 48. Kf4 Ne2+ 49. Ke3 Ng3 50. Kf4 Ne2+ 51. Ke3 Ng3 52. Kf4 1/2-1/2

[Event "English Online Blitz Open"]
[Site "chess.com INT"]
[Date "2020.05.16"]
[Round "3.12"]
[White "Jones, Gawain C B"]
[Black "Horton, Andrew P"]
[Result "0-1"]
[WhiteTitle "GM"]
[BlackTitle "IM"]
[WhiteElo "2670"]
[BlackElo "2375"]
[WhiteFideId "409561"]
[BlackFideId "424269"]
[EventDate "2020.05.16"]

1. c4 c5 2. Nf3 g6 3. Nc3 Bg7 4. d4 cxd4 5. Nxd4 Nc6 6. Nc2 Nf6 7. g3 O-O 8. Bg2
d6 9. O-O Be6 10. b3 Qd7 11. Bb2 Bh3 12. Qd2 Rac8 13. Rfd1 Bxg2 14. Kxg2 Rfd8
15. Rac1 Ne4 16. Qe3 Nxc3 17. Bxc3 Bxc3 18. Qxc3 a6 19. Ne3 b5 20. Nd5 Qb7 21.
Kg1 Ne5 22. Qe3 bxc4 23. f4 Rc5 24. Qe4 Qa7 25. Kg2 Ng4 26. Qf3 Rxd5 27. Rxd5
Ne3+ 28. Kh1 Nxd5 29. Qxd5 cxb3 30. axb3 Qf2 31. Qe4 e6 32. Qg2 Qe3 33. Rb1 Rc8
34. Qf3 Qxf3+ 35. exf3 Rc3 36. Kg2 Rc2+ 37. Kg1 d5 38. Ra1 Rc3 39. Kf2 Rxb3 40.
Rxa6 Rb2+ 41. Kg1 h5 42. h4 Kg7 43. Kf1 Kf6 44. Ra7 Rb3 45. Kf2 Rb2+ 46. Kf1 Rb8
47. Kf2 Kg7 48. Ra2 Rb7 49. Ke3 Kf6 50. Ra3 Ke7 51. Ra2 Rc7 52. Kd3 Rb7 53. Ke3
Rb3+ 54. Kf2 Rc3 55. Ra7+ Kf6 56. Rd7 Ra3 57. Kg2 Ra2+ 58. Kf1 Ra8 59. Kf2 Re8
60. Ke3 Re7 61. Rd8 Rb7 62. Re8 Rb3+ 63. Kf2 Kf5 64. Rf8 f6 65. Rd8 Rb5 66. Ke2
Ra5 67. Kf2 e5 68. fxe5 fxe5 69. Rf8+ Ke6 70. Rg8 Kf7 71. Rd8 Ke7 72. Rg8 Kf7
73. Rd8 Rb5 74. Ke3 Ke7 75. Rg8 Kf6 76. Rf8+ Ke6 77. Rg8 Rb3+ 78. Ke2 Kf7 79.
Rd8 d4 80. f4 Rxg3 81. fxe5 Rg4 82. Rd6 Rxh4 83. Kf3 Rg4 84. Rf6+ Ke7 85. Rd6 d3
86. Ke3 Rg3+ 87. Kf4 h4 88. Ra6 Rg2 89. Ra7+ Ke6 90. Ra6+ Ke7 91. Ra7+ Kd8 92.
e6 d2 93. Rd7+ Ke8 94. Ke5 h3 95. Kf6 Rf2+ 96. Kxg6 h2 0-1

[Event "English Online Blitz Open"]
[Site "chess.com INT"]
[Date "2020.05.16"]
[Round "3.13"]
[White "Horton, Andrew P"]
[Black "Jones, Gawain C B"]
[Result "1-0"]
[WhiteTitle "IM"]
[BlackTitle "GM"]
[WhiteElo "2375"]
[BlackElo "2670"]
[WhiteFideId "424269"]
[BlackFideId "409561"]
[EventDate "2020.05.16"]

1. Nf3 c5 2. c4 g6 3. g3 Bg7 4. Bg2 Nc6 5. Nc3 d6 6. O-O e6 7. b3 Nge7 8. Bb2
O-O 9. e3 b6 10. d4 Bb7 11. Rc1 Rb8 12. Ne2 h6 13. Qd2 e5 14. d5 Na5 15. e4 Bc8
16. Bc3 f5 17. Ne1 fxe4 18. Bxe4 Bh3 19. Bg2 Qd7 20. f4 Bxg2 21. Nxg2 e4 22.
Bxg7 Kxg7 23. Ne3 Nf5 24. Nc3 Rbe8 25. Nxf5+ gxf5 26. Nd1 Kh7 27. Ne3 Qg7 28.
Kh1 Nb7 29. Qe2 Rf7 30. Rg1 Rg8 31. Rcf1 Qd4 32. Rd1 Qc3 33. Rc1 Qf6 34. Rcf1
Rfg7 35. Qh5 Rf8 36. g4 fxg4 37. Rxg4 Rxg4 38. Nxg4 Qg6 39. Qxg6+ Kxg6 40. Ne3
Kf6 41. Rg1 Re8 42. h4 Kf7 43. h5 Rg8 44. Rxg8 Kxg8 45. Nf5 Kf7 46. Nxh6+ Kf6
47. Ng4+ Kf5 48. h6 Kg6 49. f5+ Kh7 50. Kg2 a6 51. Kf2 b5 52. cxb5 axb5 53. Ke3
c4 54. bxc4 bxc4 55. Kxe4 Nc5+ 56. Kd4 Na4 57. Kxc4 Nb6+ 58. Kd4 Na4 59. f6 Kg6
60. Ke4 Nc3+ 61. Kd4 Nxa2 62. Kc4 Nc1 63. Kb5 Nd3 64. Kc6 Nf4 65. Kxd6 Kf7 66.
h7 Ng6 67. Ne5+ Nxe5 68. Kxe5 Kg6 69. h8=Q 1-0

[Event "English Online Blitz Open"]
[Site "chess.com INT"]
[Date "2020.05.16"]
[Round "3.21"]
[White "Ghasi, Ameet K"]
[Black "Harvey, Marcus R"]
[Result "1/2-1/2"]
[WhiteTitle "IM"]
[BlackTitle "FM"]
[WhiteElo "2485"]
[BlackElo "2440"]
[WhiteFideId "409200"]
[BlackFideId "400092"]
[EventDate "2020.05.16"]

1. Nf3 Nf6 2. g3 b6 3. Bg2 Bb7 4. O-O e6 5. d3 d5 6. Nbd2 Nbd7 7. b3 Be7 8. Bb2
O-O 9. e3 a5 10. a3 Ne8 11. c4 Bf6 12. d4 dxc4 13. Nxc4 Nd6 14. Nce5 Nf5 15. Ng4
Be7 16. Rc1 c5 17. Re1 Rc8 18. Qe2 Nf6 19. Nxf6+ Bxf6 20. dxc5 Bxb2 21. Qxb2
Rxc5 22. Rxc5 bxc5 23. Ne5 Bxg2 24. Kxg2 Qa8+ 25. Kg1 Rc8 26. Qc3 a4 27. Nc4 Rb8
28. Rb1 h5 29. h3 h4 30. g4 Ne7 31. Nd2 axb3 32. Rxb3 Rxb3 33. Qxb3 Ng6 34. Nc4
Qf3 35. Qd3 Qxh3 36. Qe4 Kh7 37. a4 f5 38. Qg2 Qxg2+ 39. Kxg2 fxg4 40. a5 Ne7
41. Ne5 Nc8 42. Nxg4 c4 43. Ne5 c3 44. Nd3 g5 45. Kh3 Kg6 46. Kg4 Kf6 47. a6 e5
48. f3 Na7 49. Nc1 c2 50. Ne2 Ke6 51. f4 gxf4 52. exf4 exf4 53. Nxf4+ Ke5 54.
Ne2 Ke4 55. Kxh4 Kd3 56. Nc1+ Kd2 57. Na2 1/2-1/2

[Event "English Online Blitz Open"]
[Site "chess.com INT"]
[Date "2020.05.16"]
[Round "3.22"]
[White "Harvey, Marcus R"]
[Black "Ghasi, Ameet K"]
[Result "0-1"]
[WhiteTitle "FM"]
[BlackTitle "IM"]
[WhiteElo "2440"]
[BlackElo "2485"]
[WhiteFideId "400092"]
[BlackFideId "409200"]
[EventDate "2020.05.16"]

1. Nf3 Nf6 2. b3 g6 3. Bb2 Bg7 4. e3 O-O 5. Be2 d6 6. d4 Nbd7 7. O-O Ne4 8. Nbd2
Nxd2 9. Qxd2 b6 10. c4 e6 11. Rfd1 Bb7 12. b4 a5 13. a3 Qe7 14. Ne1 Nf6 15. Bf3
Ne4 16. Qc2 f5 17. d5 Ng5 18. dxe6 Nxf3+ 19. Nxf3 Bxb2 20. Qxb2 axb4 21. axb4
Qxe6 22. Qd4 c5 23. bxc5 bxc5 24. Qd2 Rxa1 25. Rxa1 Rd8 26. Ra7 Rd7 27. Qb2 Qe7
28. h3 h6 29. Qb6 Kh7 30. Ra1 g5 31. Rd1 g4 32. hxg4 fxg4 33. Nd2 g3 34. Qb1+
Kh8 35. Qb2+ Kg8 36. Nf3 gxf2+ 37. Qxf2 Qg7 38. Nh4 Rf7 39. Nf5 Rxf5 0-1

[Event "English Online Blitz Open"]
[Site "chess.com INT"]
[Date "2020.05.16"]
[Round "3.23"]
[White "Ghasi, Ameet K"]
[Black "Harvey, Marcus R"]
[Result "0-1"]
[WhiteTitle "IM"]
[BlackTitle "FM"]
[WhiteElo "2485"]
[BlackElo "2440"]
[WhiteFideId "409200"]
[BlackFideId "400092"]
[EventDate "2020.05.16"]

1. Nf3 Nf6 2. g3 b6 3. Bg2 Bb7 4. O-O e6 5. d3 d5 6. Nbd2 Be7 7. e4 c5 8. Re1
O-O 9. e5 Nfd7 10. h4 Nc6 11. Nf1 Qc7 12. Bf4 Rfc8 13. h5 h6 14. N1h2 Qd8 15.
Qd2 Bf8 16. g4 Ne7 17. g5 Nf5 18. Ng4 hxg5 19. Bxg5 Be7 20. Bf4 d4 21. Qe2 Nf8
22. Nd2 Bxg2 23. Kxg2 Qd5+ 24. Qe4 Nh7 25. Qxd5 exd5 26. e6 f6 27. Re2 Rc6 28.
Nf3 Nf8 29. Rae1 Re8 30. h6 g5 31. Bg3 Bd8 32. e7 Rxe7 33. Rxe7 Bxe7 34. Bb8 a6
35. Rd1 Kh7 36. Bg3 Kg6 37. Rh1 Re6 38. Bc7 b5 39. Kf1 Nh7 40. Bb8 Bd6 41. Bxd6
Rxd6 42. Kg2 Re6 43. Kf1 b4 44. Rh2 a5 45. Rh1 a4 46. Rh2 c4 47. b3 axb3 48.
axb3 c3 49. Rh1 Re8 50. Ne1 Nh4 51. f3 f5 52. Nf2 Ra8 53. f4 Ra1 54. Rh3 Ng2 55.
Kxg2 Rxe1 56. fxg5 Nxg5 57. Rg3 Kxh6 58. Nh3 Nxh3 59. Rxh3+ Kg5 60. Kf2 Rc1 61.
Rg3+ Kf4 62. Rf3+ Ke5 63. Rh3 Rxc2+ 64. Kf3 Rd2 0-1

[Event "English Online Blitz Open"]
[Site "chess.com INT"]
[Date "2020.05.16"]
[Round "3.24"]
[White "Harvey, Marcus R"]
[Black "Ghasi, Ameet K"]
[Result "1/2-1/2"]
[WhiteTitle "FM"]
[BlackTitle "IM"]
[WhiteElo "2440"]
[BlackElo "2485"]
[WhiteFideId "400092"]
[BlackFideId "409200"]
[EventDate "2020.05.16"]

1. Nf3 Nf6 2. b3 g6 3. Bb2 Bg7 4. e3 O-O 5. Be2 d6 6. d4 Nc6 7. O-O Nd7 8. c4 e5
9. dxe5 dxe5 10. Qc2 a5 11. a3 Nc5 12. Rd1 Qe8 13. Nc3 Bf5 14. e4 Bg4 15. Nd5
Ne6 16. Ne1 Bxe2 17. Qxe2 Ncd4 18. Bxd4 Nxd4 19. Qd3 Qd8 20. Nf3 Ne6 21. Qe3 Nd4
22. Nxd4 exd4 23. Qd3 c6 24. Nf4 Re8 25. Re1 Qg5 26. g3 h5 27. Rad1 Qc5 28. a4
Re7 29. h4 Rae8 30. Re2 Be5 31. Nh3 b5 32. f4 Bg7 33. axb5 cxb5 34. cxb5 Rb8 35.
e5 Rxb5 36. Qxd4 Qxd4+ 37. Rxd4 Rxb3 38. Rd8+ Kh7 39. Ng5+ Kh6 40. e6 fxe6 41.
Rxe6 Rxe6 42. Nf7+ Kh7 43. Ng5+ Kh6 44. Nf7+ Kh7 45. Ng5+ Kh6 1/2-1/2

[Event "English Online Blitz Open"]
[Site "chess.com INT"]
[Date "2020.05.16"]
[Round "3.25"]
[White "Ghasi, Ameet K"]
[Black "Harvey, Marcus R"]
[Result "1/2-1/2"]
[WhiteTitle "IM"]
[BlackTitle "FM"]
[WhiteElo "2485"]
[BlackElo "2440"]
[WhiteFideId "409200"]
[BlackFideId "400092"]
[EventDate "2020.05.16"]

1. Nf3 Nf6 2. g3 b6 3. Bg2 Bb7 4. O-O e6 5. d3 d5 6. Nbd2 Nbd7 7. e4 dxe4 8.
dxe4 Nc5 9. e5 Nfd7 10. b3 a5 11. a3 Be7 12. Bb2 O-O 13. Re1 Qc8 14. Nd4 Bxg2
15. Kxg2 Qb7+ 16. Qf3 Qxf3+ 17. N2xf3 Rfc8 18. Nc6 Bf8 19. Rad1 Nb8 20. Ncd4 Nb7
21. Nb5 Na6 22. Nfd4 c6 23. Nc3 Rc7 24. Re2 Rd8 25. Red2 Rcd7 26. Ne4 c5 27. Nb5
Rxd2 28. Rxd2 Rxd2 29. Nxd2 Be7 30. Nc4 Bd8 31. a4 Kf8 32. f4 Nb4 33. Nba3 Ke7
34. Bc3 Nd5 35. Bd2 Bc7 36. Nb5 Kd7 37. g4 Nd8 38. Kf3 Nc6 39. Ke4 g6 40. h4 f5+
41. exf6 Nxf6+ 42. Kf3 Bd8 43. Bc3 Nd5 44. Be1 Bf6 45. Bf2 h5 46. gxh5 gxh5 47.
Ke4 Nde7 48. Nxb6+ Kd8 49. Bxc5 Nf5 50. Nc4 Nxh4 51. Bb6+ Kd7 52. Nxa5 Nb4 53.
c3 Nd5 54. Bd4 Nf5 55. Bxf6 Nxf6+ 56. Kf3 h4 57. Nc4 Nd5 58. Ne5+ Kc8 59. c4 Nb4
60. c5 h3 61. a5 Na6 62. Nd6+ Kc7 63. Nxf5 exf5 64. Nd3 Kc6 65. b4 Kb5 66. Kg3
Kc4 67. c6 Nc7 68. Nc5 Kxb4 69. a6 Kxc5 70. a7 Kxc6 71. Kxh3 Kb7 72. Kh4 Nd5 73.
Kg5 Nxf4 74. Kxf5 Kxa7 1/2-1/2

[Event "English Online Blitz Open"]
[Site "chess.com INT"]
[Date "2020.05.16"]
[Round "4.11"]
[White "Harvey, Marcus R"]
[Black "Horton, Andrew P"]
[Result "1-0"]
[WhiteTitle "FM"]
[BlackTitle "IM"]
[WhiteElo "2440"]
[BlackElo "2375"]
[WhiteFideId "400092"]
[BlackFideId "424269"]
[EventDate "2020.05.16"]

1. d4 Nf6 2. c4 d6 3. Nf3 Nbd7 4. Bf4 Nh5 5. Bc1 Nhf6 6. Nc3 e5 7. Bg5 Be7 8.
dxe5 dxe5 9. Qc2 c6 10. e3 Nh5 11. Bxe7 Qxe7 12. Be2 Nhf6 13. O-O O-O 14. Nd2
Re8 15. Rfd1 a5 16. Nde4 Nc5 17. Nxc5 Qxc5 18. Na4 Qe7 19. Nb6 Rb8 20. Qc3 Qb4
21. Qxb4 axb4 22. a3 bxa3 23. Rxa3 Be6 24. f3 Red8 25. Rxd8+ Rxd8 26. Kf2 Kf8
27. Ke1 Nd7 28. Nxd7+ Bxd7 29. Ra7 Rb8 30. Kd2 c5 31. Kc3 Ke7 32. Bd3 Bc6 33.
Be4 Kd6 34. Ra1 h6 35. Rd1+ Kc7 36. Bxc6 bxc6 37. Ra1 Kb6 38. Rd1 Kc7 39. h4 Ra8
40. h5 Ra7 41. f4 exf4 42. exf4 Ra8 43. Re1 Kd6 44. g4 Kd7 45. Re5 Kd6 46. g5 f6
47. gxf6 gxf6 48. Rf5 Rf8 49. b3 Rf7 50. b4 cxb4+ 51. Kxb4 Rb7+ 52. Kc3 Rf7 53.
Kd4 Rf8 54. Ra5 Rg8 55. Ra7 Rg4 56. Ke4 Rh4 57. Ra5 Rh3 58. c5+ Ke6 59. Ra6 f5+
60. Kd4 Rxh5 61. Rxc6+ Kd7 62. Rd6+ Kc7 63. Ke5 Rh1 64. Kxf5 Rc1 65. Rxh6 Rxc5+
66. Kg6 Kd7 67. f5 Ke8 68. Rh8+ Ke7 69. f6+ Ke6 70. Re8+ Kd7 71. f7 Rc6+ 72. Kg7 1-0

[Event "English Online Blitz Open"]
[Site "chess.com INT"]
[Date "2020.05.16"]
[Round "4.12"]
[White "Horton, Andrew P"]
[Black "Harvey, Marcus R"]
[Result "0-1"]
[WhiteTitle "IM"]
[BlackTitle "FM"]
[WhiteElo "2375"]
[BlackElo "2440"]
[WhiteFideId "424269"]
[BlackFideId "400092"]
[EventDate "2020.05.16"]

1. Nf3 Nf6 2. c4 e6 3. g3 b6 4. Bg2 Bb7 5. O-O c5 6. b3 Be7 7. Bb2 O-O 8. e3 d5
9. Nc3 dxc4 10. bxc4 Ne4 11. Ne2 Bf6 12. Bxf6 Nxf6 13. d3 Qc7 14. Nc3 Rd8 15.
Qe2 Nc6 16. Rfd1 Rd7 17. Nb5 Qd8 18. Rab1 h6 19. a3 Qe7 20. Rd2 Rad8 21. Rbd1 e5
22. Nc3 Na5 23. Nh4 Bxg2 24. Nxg2 Nb3 25. Rb2 Na5 26. Rbd2 e4 27. Nf4 Nb3 28.
Rb2 exd3 29. Qf1 Na5 30. Ncd5 Nxd5 31. Nxd5 Qe4 32. Qxd3 Qxd3 33. Rxd3 Nxc4 34.
Rc2 Ne5 0-1

[Event "English Online Blitz Open"]
[Site "chess.com INT"]
[Date "2020.05.16"]
[Round "4.13"]
[White "Harvey, Marcus R"]
[Black "Horton, Andrew P"]
[Result "1-0"]
[WhiteTitle "FM"]
[BlackTitle "IM"]
[WhiteElo "2440"]
[BlackElo "2375"]
[WhiteFideId "400092"]
[BlackFideId "424269"]
[EventDate "2020.05.16"]

1. Nf3 Nf6 2. b3 b6 3. Bb2 Bb7 4. g3 Bxf3 5. exf3 e6 6. f4 Be7 7. Bg2 d5 8. O-O
O-O 9. c4 c6 10. Qc2 g6 11. d3 Nbd7 12. Nd2 Rc8 13. Nf3 a5 14. Rac1 c5 15. Ne5
d4 16. Nc6 Qe8 17. Na7 Rc7 18. Nb5 Rc8 19. Na7 Ra8 20. Bxa8 Qxa8 21. Nb5 h5 22.
a4 Ng4 23. Qe2 Ndf6 24. Rce1 Kg7 25. h3 Nh6 26. Na3 Rh8 27. Nb1 Nf5 28. Nd2 Qb7
29. Qf3 Qc8 30. Ne4 Qd7 31. Nxf6 Bxf6 32. Bc1 Ne7 33. Kg2 Nf5 34. Rh1 Be7 35.
Kf1 Bd6 36. g4 hxg4 37. hxg4 Nh4 38. Qe4 Be7 39. g5 Bd6 40. Ke2 Nf5 41. Rxh8
Kxh8 42. Rh1+ Kg7 43. Rh3 Qc7 44. Bd2 Kg8 45. Qh1 Kf8 46. Rh8+ Ke7 47. Qa8 Bxf4
48. Bxf4 Qxf4 49. Qd8# 1-0